Includes bibliographies (Record no. 15375)

000 -LEADER
fixed length control field 00588nam a22002171 4500
001 - CONTROL NUMBER
control field 15375
003 - CONTROL NUMBER IDENTIFIER
control field BD-DhUET
008 - FIXED-LENGTH DATA ELEMENTS--GENERAL INFORMATION
fixed length control field 731030m19621966njua b 000 0 eng
040 ## - CATALOGING SOURCE
Original cataloging agency DLC
Transcribing agency DLC
Modifying agency BD-DhUET
082 00 - DEWEY DECIMAL CLASSIFICATION NUMBER
Classification number 543
Item number FUR/1966
100 ## - MAIN ENTRY--PERSONAL NAME
Personal name Furman, N. Howell
245 00 - TITLE STATEMENT
Title Includes bibliographies
250 ## - EDITION STATEMENT
Edition statement 6th ed.
260 ## - PUBLICATION, DISTRIBUTION, ETC. (IMPRINT)
Place of publication, distribution, etc. New York
Name of publisher, distributor, etc. Van Nostrand Reinhold
Date of publication, distribution, etc. 1966
300 ## - PHYSICAL DESCRIPTION
Extent xi, (975-2018)p.
Other physical details ill.
500 ## - GENERAL NOTE
General note Vol.3 (Instrumental methods)
Part. B
504 ## - BIBLIOGRAPHY, ETC. NOTE
Bibliography, etc Includes bibliographies
650 #0 - SUBJECT ADDED ENTRY--TOPICAL TERM
Topical term or geographic name as entry element Chemistry, Analytic
700 ## - ADDED ENTRY--PERSONAL NAME
Personal name Welcher, Frank J.
942 ## - ADDED ENTRY ELEMENTS (KOHA)
Koha item type Edited Book
Holdings
Piece designation (barcode) Copy number Location (home branch) Source of classification or shelving scheme Damaged status Sublocation or collection (holding branch) Withdrawn status Price effective from Koha item type Date acquired Not for loan Koha normalized classification for sorting Koha date last seen Koha full call number Lost status Shelving location
288181Central Library, BUET  Central Library, BUET 2015-03-12Edited Book2015-03-12 543_000000000000000_FUR_19662015-03-12543/FUR/1966 Circulation section
288282Central Library, BUET  Central Library, BUET 2015-03-12Edited Book2015-03-12 543_000000000000000_FUR_19662015-03-12543/FUR/1966 Circulation section
288364Central Library, BUET  Central Library, BUET 2015-03-12Edited Book2015-03-12 543_000000000000000_FUR_19662015-03-12543/FUR/1966 Circulation section
288315Central Library, BUET  Central Library, BUET 2015-03-12Edited Book2015-03-12 543_000000000000000_FUR_19662015-03-12543/FUR/1966 Circulation section
388946Central Library, BUET  Central Library, BUET 2015-03-12Edited Book2015-03-12 543_000000000000000_FUR_19662015-03-12543/FUR/1966 Circulation section
288277Central Library, BUET  Central Library, BUET 2015-03-12Edited Book2015-03-12 543_000000000000000_FUR_19662018-02-20543/FUR/1966 Circulation section
288378Central Library, BUET  Central Library, BUET 2015-03-12Edited Book2015-03-12 543_000000000000000_FUR_19662015-03-12543/FUR/1966 Circulation section
288269Central Library, BUET  Central Library, BUET 2015-03-12Edited Book2015-03-12 543_000000000000000_FUR_19662015-03-12543/FUR/1966 Circulation section
2883210Central Library, BUET  Central Library, BUET 2015-03-12Edited Book2015-03-12 543_000000000000000_FUR_19662015-03-12543/FUR/1966 Circulation section